| 000 | 00762nam a22002297a 4500 | ||
|---|---|---|---|
| 003 | NUST | ||
| 005 | 20250624135548.0 | ||
| 008 | 250624b ||||| |||| 00| 0 eng d | ||
| 020 | _a9780500021941 | ||
| 038 | _aMalang Jan | ||
| 082 |
_a728.37 _bBEL |
||
| 100 | 1 |
_aBell,Jonathan _9129190 |
|
| 245 | 0 | 3 |
_aThe Contemporary House / _cJonathan Bell & Elllie stathaki |
| 260 |
_aLondon: _bThames & Hudson; _c2018. |
||
| 300 |
_a351p.: _bill; _c24 cm. |
||
| 650 |
_aArchitecture _xModern _9129191 |
||
| 650 |
_aArchitecture _x House & Home _9129192 |
||
| 651 |
_aArchitecture _xInterior Design _9129193 |
||
| 700 | 1 |
_aStathaki,Ellie _9129194 |
|
| 942 |
_2ddc _cBK _h728.37 |
||
| 999 |
_c613880 _d613880 |
||